Nervazhi (Record no. 175066)

000 -LEADER
fixed length control field 00250nam a22001097a 4500
082 ## - DEWEY DECIMAL CLASSIFICATION NUMBER
Classification number M4
Item number NIT/N
100 ## - MAIN ENTRY--AUTHOR NAME
Personal name Nitya Chaithanya Yathi
245 ## - TITLE STATEMENT
Title Nervazhi
260 ## - PUBLICATION, DISTRIBUTION, ETC. (IMPRINT)
Place of publication Fernhill:
Name of publisher Nitya Books,
Year of publication 1997.
650 ## - SUBJECT ADDED ENTRY--TOPICAL TERM
Topical Term Literature Malayalam
942 ## - ADDED ENTRY ELEMENTS (KOHA)
Koha item type Book
Holdings
Withdrawn status Lost status Damaged status Not for loan Permanent Location Current Location Shelving location Date acquired Full call number Accession Number Price effective from Koha item type
Write off       Sree Sankaracharya University of Sanskrit Sree Sankaracharya University of Sanskrit Stacks 17.10.2023 M4 NIT/N 002326 17.10.2023 Book